000 00582nam a2200241Ia 4500
003 OSt
005 20220924152059.0
006 a|||||r|||| 00| 0
007 ta
008 220923b |||||||| |||| 00| 0 mar d
020 _c3.50
024 _a340764
037 _cTextual
040 _aARTS
_cARTS
_bmar
041 _2mar
_amar
082 _aO155,3N20,13, K2
100 _aSathe
_9225796
245 0 _aChandan
260 _c1962
650 _aMARATHI LITERATURE
_938000
942 _hO155,3N20,13, K2
_cTEXL
_2CC
999 _c468683
_d468683